Biofuel crop sustainability (Record no. 7096)
[ view plain ]
| 000 -LEADER | |
|---|---|
| fixed length control field | 02339nam a2200337 a 4500 |
| 001 - CONTROL NUMBER | |
| control field | ebr10700412 |
| 003 - CONTROL NUMBER IDENTIFIER | |
| control field | CaPaEBR |
| 006 - FIXED-LENGTH DATA ELEMENTS--ADDITIONAL MATERIAL CHARACTERISTICS--GENERAL INFORMATION | |
| fixed length control field | m o u |
| 007 - PHYSICAL DESCRIPTION FIXED FIELD--GENERAL INFORMATION | |
| fixed length control field | cr cn||||||||| |
| 008 - FIXED-LENGTH DATA ELEMENTS--GENERAL INFORMATION | |
| fixed length control field | 130124s2013 iaua sb 001 0 eng d |
| 010 ## - LIBRARY OF CONGRESS CONTROL NUMBER | |
| Canceled/invalid LC control number | 2013002832 |
| 020 ## - INTERNATIONAL STANDARD BOOK NUMBER | |
| Cancelled/invalid ISBN | 9780470963043 (hardback : alk. paper) |
| Cancelled/invalid ISBN | 9781118635643 (e-book) |
| 040 ## - CATALOGING SOURCE | |
| Original cataloging agency | CaPaEBR |
| Transcribing agency | CaPaEBR |
| 035 ## - SYSTEM CONTROL NUMBER | |
| System control number | (OCoLC)843881795 |
| 050 14 - LIBRARY OF CONGRESS CALL NUMBER | |
| Classification number | SB288 |
| Item number | .B565 2013eb |
| 082 04 - DEWEY DECIMAL CLASSIFICATION NUMBER | |
| Classification number | 631.5 |
| Edition number | 23 |
| 245 00 - TITLE STATEMENT | |
| Title | Biofuel crop sustainability |
| Medium | [electronic resource] / |
| Statement of responsibility, etc | edited by Bharat P. Singh. |
| 250 ## - EDITION STATEMENT | |
| Edition statement | 1st ed. |
| 260 ## - PUBLICATION, DISTRIBUTION, ETC. (IMPRINT) | |
| Place of publication, distribution, etc | Ames, Iowa : |
| Name of publisher, distributor, etc | Wiley-Blackwell, |
| Date of publication, distribution, etc | 2013. |
| 300 ## - PHYSICAL DESCRIPTION | |
| Extent | xii, 459 p. : |
| Other physical details | ill. |
| 504 ## - BIBLIOGRAPHY, ETC. NOTE | |
| Bibliography, etc | Includes bibliographical references and index. |
| 505 0# - FORMATTED CONTENTS NOTE | |
| Formatted contents note | Biofuel crop sustainability paradigm / Bharat P. Singh -- Sustainable production of grain crops for biofuels / Abdullah A. Jaradat -- Sugarcane as an energy crop: its role in biomass economy / Rianto van Antwerpe ... [et al.] -- Sustainable cellulosic grass crops production / John H. Fike, David J. Parrish and Wonae B. Fike -- Sustainable oil crops production / C. Eynck ... [et al.] -- Short-rotation woody crop biomass production for bioenergy / Chris L. Kiser and Thomas R. Fox -- Biomass feedstock production impact on water resource availability / K.C. Stone ... [et al.] -- Biofuel crops and soil quality and erosion / Dmitri Chatskikh ... [et al.] -- Nutrient management in biofuel crop production / Rocky Lemus -- Food, farming, and land use for biofuels / J�ozsef Popp -- Biofuel crops and ecosystem services and biodiversity / Andrew Fieldsend and Hari P. Singh -- Biofuel crops and greenhouse gases / A. Hastings ... [et al.] -- Economics of biomass feedstocks and biofuels / Thein A. Maung ... [et al.] -- Geospatial modeling applications for biofuel sustainability assessment / Sudhanshu S. Panda. |
| 533 ## - REPRODUCTION NOTE | |
| Type of reproduction | Electronic reproduction. |
| Place of reproduction | Palo Alto, Calif. : |
| Agency responsible for reproduction | ebrary, |
| Date of reproduction | 2013. |
| Note about reproduction | Available via World Wide Web. |
| -- | Access may be limited to ebrary affiliated libraries. |
| 650 #0 - SUBJECT ADDED ENTRY--TOPICAL TERM | |
| Topical term or geographic name as entry element | Energy crops. |
| Topical term or geographic name as entry element | Sustainable agriculture. |
| 655 #7 - INDEX TERM--GENRE/FORM | |
| Genre/form data or focus term | Electronic books. |
| Source of term | local |
| 700 1# - ADDED ENTRY--PERSONAL NAME | |
| Personal name | Singh, Bharat P. |
| 710 2# - ADDED ENTRY--CORPORATE NAME | |
| Corporate name or jurisdiction name as entry element | ebrary, Inc. |
| 856 40 - ELECTRONIC LOCATION AND ACCESS | |
| Uniform Resource Identifier | <a href="http://site.ebrary.com/lib/rucke/Doc?id=10700412">http://site.ebrary.com/lib/rucke/Doc?id=10700412</a> |
| Public note | An electronic book accessible through the World Wide Web; click to view |
No items available.
